<?xml version="1.0" encoding="UTF-8"?>
<marc:record xmlns:marc="http://www.loc.gov/MARC21/slim">
   <marc:leader>00000nam a2200000 a 4500</marc:leader>
   <marc:datafield ind1=" " ind2=" " tag="653">
      <marc:subfield code="a">Mehrsprachigkeit</marc:subfield>
   </marc:datafield>
   <marc:datafield ind1=" " ind2=" " tag="653">
      <marc:subfield code="a">Englisch</marc:subfield>
   </marc:datafield>
   <marc:datafield ind1=" " ind2=" " tag="653">
      <marc:subfield code="a">Märchen</marc:subfield>
   </marc:datafield>
   <marc:datafield ind1=" " ind2=" " tag="653">
      <marc:subfield code="a">Lernbuch</marc:subfield>
   </marc:datafield>
   <marc:datafield ind1=" " ind2=" " tag="653">
      <marc:subfield code="a">französisch</marc:subfield>
   </marc:datafield>
   <marc:datafield ind1=" " ind2=" " tag="653">
      <marc:subfield code="a">italienisch</marc:subfield>
   </marc:datafield>
   <marc:datafield ind1=" " ind2=" " tag="653">
      <marc:subfield code="a">deutsch</marc:subfield>
   </marc:datafield>
   <marc:datafield ind1="0" ind2="0" tag="245">
      <marc:subfield code="a">Märchenwelt1.</marc:subfield>
   </marc:datafield>
   <marc:datafield ind1=" " ind2="1" tag="264">
      <marc:subfield code="b">Verlag 66</marc:subfield>
   </marc:datafield>
   <marc:datafield ind1="1" ind2=" " tag="490">
      <marc:subfield code="a">Edition Cleverbook</marc:subfield>
      <marc:subfield code="v">1</marc:subfield>
   </marc:datafield>
   <marc:datafield ind1=" " ind2=" " tag="250">
      <marc:subfield code="a">1. Aufl.</marc:subfield>
   </marc:datafield>
   <marc:datafield ind1="1" ind2=" " tag="520">
      <marc:subfield code="a">12 bekannte Märchen von Grimm, Andersen und Perrault, bearbeitet und gekürzt, in den vier Sprachen Deutsch, Englisch, Französisch und Italienisch. Auf den 1. Blick ein anerkennenswertes Unterfangen: Inhaltlich leicht zugängliche, weil bekannte Texte werden in verschiedenen Sprachen (Deutsch, Englisch, Französisch und Italienisch) in diesem großformatigen und m.E. etwas kitschig illustrierten Band vorgelegt und von Muttersprachlern auf CD gesprochen, sodass die Lernenden sowohl Aussprache als auch Lesefluss trainieren können. Die Zielgruppe sind fortgeschrittene Sprachanfänger, weswegen wohl die 12 Märchen (Grimm, Andersen und Perrault) bearbeitet und stark gekürzt wurden. Leider sind zumindest die deutschen Texte teilweise sehr holprig, die Übersetzungen z.T. ungenau und manche inhaltlichen Veränderungen (z.B. ist der Goldklumpen bei "Hans im Glück" hier ein Silberklumpen, "Rotkäppchen" wird nicht gefressen, sondern durch ihr Schreien wird der Jäger gerufen usw.) erscheinen willkürlich. Die beigefügte CD enthält 7 der Märchen, für alle 3 Fremdsprachen sind alphabetische Vokabelverzeichnisse angefügt. Wo Bedarf besteht, 3 Fremdsprachen gleichzeitig zu üben, mag der nicht preiswerte Titel auf Interesse stoßen.</marc:subfield>
   </marc:datafield>
   <marc:datafield ind1=" " ind2=" " tag="020">
      <marc:subfield code="a">9783902211088</marc:subfield>
      <marc:subfield code="9">9783902211088</marc:subfield>
   </marc:datafield>
   <marc:datafield ind1=" " ind2=" " tag="041">
      <marc:subfield code="a">ger</marc:subfield>
   </marc:datafield>
   <marc:datafield ind1=" " ind2=" " tag="500">
      <marc:subfield code="a">Text in dt., engl., franz. und ital.</marc:subfield>
   </marc:datafield>
   <marc:datafield ind1=" " ind2=" " tag="300">
      <marc:subfield code="b">überw. III. </marc:subfield>
   </marc:datafield>
   <marc:datafield ind1="1" ind2=" " tag="521">
      <marc:subfield code="a">0</marc:subfield>
   </marc:datafield>
   <marc:datafield ind1=" " ind2=" " tag="300">
      <marc:subfield code="a">160 S.</marc:subfield>
   </marc:datafield>
</marc:record>
